Multiple Choice City Quiz - Salvador - Statistics

General Stats
  • This quiz has been taken 22 times
    9 since last reset
  • The average score is 9 of 10
Answer Stats
Question Answer % Correct
Which of the photos is of the Historic Center of Salvador?
100%
Salvador is the capital of which Brazilian state? Bahia
100%
What is the biggest event in Salvador? Carnival
100%
Olodum is a cultural and musical group that participated in the music video of which of these singers? Michael Jackson
100%
The capital of Brazil was moved from Salvador to which city? Rio de Janeiro
100%
Salvador is known for having a strong influence from which of these cultures? Afro-Brazilian
88%
What style of music is Salvador famous for? Axé
88%
The Lacerda Elevator is the _____ public elevator in the world. Oldest
88%
What year was Salvador founded? 1549
75%
Salvador is located between the Atlantic Ocean and which bay? All Saints
75%
No matching quizzes found
Score Distribution
Percent of People with Each Score
Percentile by Number Answered
Your Score History
You have not taken this quiz since the last reset